000 00322nam a2200145Ia 4500
100 _aHolzer steven
942 _cBK
654 _aassembly language
245 _aC with assembly language
260 _bBPB Publication
_aNew Delhi
_c1990
082 _a001.6424C
_bHOL
300 _a436
546 _aENGLISH
999 _c28804
_d28804